Mawlid Sharif Bihariya : / مولد شريف بہاريہ (Record no. 29142)
[ view plain ]
| 000 -LEADER | |
|---|---|
| fixed length control field | 00611nam a22001937a 4500 |
| 003 - CONTROL NUMBER IDENTIFIER | |
| control field | BDDh-ASL |
| 005 - DATE AND TIME OF LATEST TRANSACTION | |
| control field | 20231015031010.0 |
| 008 - FIXED-LENGTH DATA ELEMENTS--GENERAL INFORMATION | |
| fixed length control field | 220908b1872 ii ||||| |||| 00| 0 urd d |
| 040 ## - CATALOGING SOURCE | |
| Original cataloging agency | BDDh-ASL |
| Transcribing agency | BDDh-ASL |
| 041 ## - LANGUAGE CODE | |
| Language code of text/sound track or separate title | urd |
| 082 ## - DEWEY DECIMAL CLASSIFICATION NUMBER | |
| Classification number | 297.920 |
| Item number | MAW |
| 245 00 - TITLE STATEMENT | |
| Title | Mawlid Sharif Bihariya : / مولد شريف بہاريہ |
| 246 ## - VARYING FORM OF TITLE | |
| Title proper/short title | Sirajul Harmain : / سراج الحرمين |
| 246 ## - VARYING FORM OF TITLE | |
| Title proper/short title | Kitab-e Hikmat : / کتاب حکمت |
| 260 ## - PUBLICATION, DISTRIBUTION, ETC. | |
| Place of publication, distribution, etc. | Kanpur : |
| Name of publisher, distributor, etc. | Nizami Press , |
| Date of publication, distribution, etc. | 1872/1294H. |
| 300 ## - PHYSICAL DESCRIPTION | |
| Extent | 48 p. : |
| Dimensions | 23 cm. |
| 650 #0 - SUBJECT ADDED ENTRY--TOPICAL TERM | |
| 9 (RLIN) | 6451 |
| Topical term or geographic name entry element | Milad (Biography of Prophet Muhammad SM.) |
| 942 ## - ADDED ENTRY ELEMENTS (KOHA) | |
| Source of classification or shelving scheme | Dewey Decimal Classification |
| Koha item type | Books |
| Withdrawn status | Lost status | Source of classification or shelving scheme | Damaged status | Not for loan | Collection code | Home library | Current library | Shelving location | Date acquired | Source of acquisition | Serial Enumeration / chronology | Total Checkouts | Full call number | Barcode | Date last seen | Copy number | Price effective from | Koha item type | Public note |
|---|---|---|---|---|---|---|---|---|---|---|---|---|---|---|---|---|---|---|---|
| Dewey Decimal Classification | Not For Loan | Non-fiction | Asiatic Society Library | Asiatic Society Library | General Stacks | 09/08/2022 | ASB Collections | U-812-A-B | 297.920 MAW | 117321 | 09/08/2022 | C-1 | 09/08/2022 | Books | Y-1872 |